Política económica y la contaminación atmosférica en Costa Rica /
Guardat en:
| Autor principal: | |
|---|---|
| Format: | Text |
| Matèries: | |
| Etiquetes: |
Afegir etiqueta
Sense etiquetes, Sigues el primer a etiquetar aquest registre!
|
MARC
| LEADER | 00000 a a2200000 04500 | ||
|---|---|---|---|
| 001 | 3048 | ||
| 003 | |||
| 040 | |||
| 100 | |a Hartley Ballestero, Rocío | ||
| 245 | |a Política económica y la contaminación atmosférica en Costa Rica / |c Rocío Hartley Ballestero | ||
| 650 | |a POLITICA ECONOMICA | ||
| 650 | |a ESTRUCTURA ECONOMICA | ||
| 650 | |a CONTAMINACION DEL AIRE | ||
| 650 | |a CAMBIOS CLIMATICOS | ||
| 650 | |a CONTAMINACION | ||
| 773 | |g volumen 26, número 1; páginas 261-273 | ||
| 999 | |c 23035 |d 23035 | ||
